[Event "Mitropa Cup 18th"]
[Site "Portoroz"]
[Date "1998.??.??"]
[Round "4"]
[White "Wirthensohn, Heinz"]
[Black "Konopka, Michal"]
[Result "0-1"]
[WhiteElo "2390"]
[BlackElo "2465"]
[PlyCount "108"]
[EventDate "1998.07.??"]
[EventType "team-tourn"]
[EventRounds "9"]
[EventCountry "SLO"]
[Source "ChessBase"]
[SourceDate "1998.11.10"]

1. d4 Nf6 2. Nf3 g6 3. Nc3 d6 4. e4 Bg7 5. Be3 a6 6. Qd2 b5 7. Bh6 O-O 8. Bxg7
Kxg7 9. Bd3 Nc6 10. d5 Nb8 11. a4 b4 12. Ne2 c6 13. dxc6 Nxc6 14. Ned4 Nxd4 15.
Nxd4 Qb6 16. Nb3 a5 17. O-O Be6 18. Qe2 Bxb3 19. cxb3 e6 20. Rad1 Rfd8 21. Bc4
d5 22. exd5 exd5 23. Bb5 Ne4 24. Rd3 Rac8 25. Rfd1 Rd6 26. Rf3 Rc7 27. h4 h5
28. g3 Qc5 29. Bd3 Re7 30. Qe3 d4 31. Qe1 Ng5 32. Qxe7 Nxf3+ 33. Kg2 Ne5 34.
Be4 d3 35. Rd2 Qd4 36. Qb7 Rd7 37. Qa8 f5 38. Bf3 Qc5 39. Qe8 Re7 40. Qa8 Rd7
41. Qe8 Qd4 42. Qa8 Nxf3 43. Kxf3 Re7 44. Qc6 Qg4+ 45. Kg2 Qe4+ 46. Qxe4 fxe4
47. Kf1 Rd7 48. Rd1 Kf6 49. Re1 Kf5 50. Rc1 Kg4 51. Kg2 Rd5 52. Rc4 Kf5 53. Rc1
d2 54. Rd1 Kg4 0-1

[Event "Mitropa Cup 18th"]
[Site "Portoroz"]
[Date "1998.??.??"]
[Round "5"]
[White "Babula, Vlastimil"]
[Black "Plachetka, Jan"]
[Result "1/2-1/2"]
[WhiteElo "2575"]
[BlackElo "2400"]
[PlyCount "25"]
[EventDate "1998.07.??"]
[EventType "team-tourn"]
[EventRounds "9"]
[EventCountry "SLO"]
[Source "ChessBase"]
[SourceDate "1998.11.10"]

1. d4 Nf6 2. c4 c5 3. d5 b5 4. cxb5 a6 5. e3 e6 6. Nc3 exd5 7. Nxd5 Bb7 8.
Nxf6+ Qxf6 9. Nf3 Be7 10. bxa6 Nxa6 11. Be2 Nb4 12. O-O Rxa2 13. Rxa2 1/2-1/2

[Event "Mitropa Cup 18th"]
[Site "Portoroz"]
[Date "1998.??.??"]
[Round "5"]
[White "Boensch, Uwe"]
[Black "Kovacevic, Vlatko"]
[Result "0-1"]
[WhiteElo "2530"]
[BlackElo "2520"]
[PlyCount "126"]
[EventDate "1998.07.??"]
[EventType "team-tourn"]
[EventRounds "9"]
[EventCountry "SLO"]
[Source "ChessBase"]
[SourceDate "1998.11.10"]

1. d4 Nf6 2. c4 e6 3. Nc3 Bb4 4. Qc2 O-O 5. Nf3 c5 6. dxc5 Na6 7. g3 Nxc5 8.
Bg2 Nce4 9. Bd2 Nxd2 10. Nxd2 a6 11. O-O Qc7 12. Rfc1 Rb8 13. Nce4 Nxe4 14.
Bxe4 f5 15. Bf3 b6 16. Rd1 Be7 17. Rac1 Bb7 18. Qd3 Rfd8 19. Bxb7 Qxb7 20. Nf3
Rbc8 21. a3 Bf6 22. b4 a5 23. Nd4 axb4 24. axb4 Qe4 25. Qxe4 fxe4 26. e3 Be7
27. c5 bxc5 28. bxc5 Kf7 29. Nb3 Rc7 30. Rd4 Rb8 31. Nd2 d5 32. c6 Rb2 33. Nf1
Rb6 34. Rd2 Rbxc6 35. Rxc6 Rxc6 36. g4 Bf6 37. Kg2 Rb6 38. Ra2 Be5 39. Ng3 Bxg3
40. Kxg3 h6 41. Ra7+ Kf6 42. h4 Rd6 43. g5+ hxg5 44. hxg5+ Kxg5 45. Rxg7+ Kf6
46. Ra7 Rb6 47. Rd7 Rb1 48. Kg2 Rd1 49. Rd6 Kf5 50. Rd8 e5 51. Rf8+ Ke6 52.
Re8+ Kd6 53. Rd8+ Ke7 54. Rh8 d4 55. Rh4 d3 56. Rxe4 Ke6 57. f4 d2 58. Rxe5+
Kd6 59. Re8 Kc7 60. Re7+ Kc6 61. Re6+ Kc5 62. Re5+ Kc4 63. Re4+ Kd3 0-1

[Event "Mitropa Cup 18th"]
[Site "Portoroz"]
[Date "1998.??.??"]
[Round "5"]
[White "Kindermann, Stefan"]
[Black "Lalic, Bogdan"]
[Result "1/2-1/2"]
[WhiteElo "2540"]
[BlackElo "2560"]
[PlyCount "45"]
[EventDate "1998.07.??"]
[EventType "team-tourn"]
[EventRounds "9"]
[EventCountry "SLO"]
[Source "ChessBase"]
[SourceDate "1998.11.10"]

1. e4 e5 2. Nf3 Nc6 3. Bb5 Nf6 4. O-O Nxe4 5. d4 Nd6 6. Bxc6 dxc6 7. dxe5 Nf5
8. Qxd8+ Kxd8 9. Nc3 Ke8 10. h3 a5 11. Rd1 h6 12. Bf4 Be6 13. g4 Ne7 14. Nd4
Nd5 15. Nxe6 fxe6 16. Ne2 g5 17. Bg3 Bg7 18. c4 Nb6 19. b3 Nd7 20. Nd4 Bxe5 21.
Bxe5 Nxe5 22. Nxe6 Kf7 23. Nc5 1/2-1/2

[Event "Mitropa Cup 18th"]
[Site "Portoroz"]
[Date "1998.??.??"]
[Round "5"]
[White "Konopka, Michal"]
[Black "Franzen, Jozef"]
[Result "1-0"]
[WhiteElo "2465"]
[BlackElo "2320"]
[PlyCount "105"]
[EventDate "1998.07.??"]
[EventType "team-tourn"]
[EventRounds "9"]
[EventCountry "SLO"]
[Source "ChessBase"]
[SourceDate "1998.11.10"]

1. f4 Nf6 2. Nf3 g6 3. e3 Bg7 4. d4 O-O 5. Bd3 d6 6. O-O Nbd7 7. Bd2 c5 8. c3
e5 9. fxe5 dxe5 10. Bc4 Qc7 11. Qe2 e4 12. Ng5 Nb6 13. Bb3 Bg4 14. Qb5 c4 15.
Bc2 Rfe8 16. Na3 Rad8 17. Rxf6 Bxf6 18. Nxe4 Bg7 19. Nf2 Bc8 20. e4 h6 21. Qa5
Bd7 22. Rf1 Qc6 23. Be3 Ra8 24. Bf4 Rec8 25. Nd1 Bg4 26. Re1 Bxd1 27. Bxd1 Re8
28. Bf3 Qf6 29. Bg3 Qe7 30. h4 h5 31. Nb5 Rec8 32. Nxa7 Qd8 33. e5 Qc7 34. Kh2
Bf8 35. d5 Nxd5 36. Qxc7 Rxc7 37. Bxd5 Rxa7 38. e6 Re7 39. exf7+ Kh7 40. Bxc4
Rxe1 41. Bxe1 Bd6+ 42. Bg3 Bxg3+ 43. Kxg3 Kg7 44. Kf4 Ra4 45. b4 Ra3 46. Bb3
Ra6 47. Ke5 Rc6 48. Kd4 Rf6 49. Bd5 Rf4+ 50. Kc5 Rxh4 51. a4 g5 52. a5 g4 53.
Bxb7 1-0

[Event "Mitropa Cup 18th"]
[Site "Portoroz"]
[Date "1998.??.??"]
[Round "5"]
[White "Leski, Marc"]
[Black "Lakos, Nikoletta"]
[Result "1-0"]
[WhiteElo "2415"]
[BlackElo "2385"]
[PlyCount "87"]
[EventDate "1998.07.??"]
[EventType "team-tourn"]
[EventRounds "9"]
[EventCountry "SLO"]
[Source "ChessBase"]
[SourceDate "1998.11.10"]

1. d4 Nf6 2. g3 g6 3. Bg2 Bg7 4. e4 d6 5. Nc3 O-O 6. Nge2 e5 7. h3 exd4 8. Nxd4
Re8 9. O-O Nbd7 10. Nb3 Ne5 11. f4 Nc6 12. g4 a5 13. a4 h6 14. Ra3 Be6 15. Be3
Bc4 16. Rf2 Nd7 17. Nd4 Nb4 18. Ndb5 Qb8 19. Bd4 Bf8 20. b3 Bxb5 21. axb5 c5
22. Be3 Nb6 23. f5 d5 24. fxg6 fxg6 25. Bf4 Qd8 26. exd5 Bg7 27. Qd2 Bd4 28. d6
g5 29. Bg3 Re3 30. Ne2 Rxg3 31. Nxg3 Qxd6 32. Kh2 N4d5 33. Rf3 Nf4 34. Kh1 Nbd5
35. c3 Nxg2 36. Nf5 Qe6 37. Kxg2 Bf6 38. Ra4 Nf4+ 39. Raxf4 gxf4 40. Qxf4 Bg5
41. Qc7 Qg6 42. Qxb7 Rd8 43. Qe4 Kh7 44. Rd3 1-0

[Event "Mitropa Cup 18th"]
[Site "Portoroz"]
[Date "1998.??.??"]
[Round "5"]
[White "Madl, Ildiko"]
[Black "Touzane, Olivier"]
[Result "1-0"]
[WhiteElo "2410"]
[BlackElo "2360"]
[PlyCount "61"]
[EventDate "1998.07.??"]
[EventType "team-tourn"]
[EventRounds "9"]
[EventCountry "SLO"]
[Source "ChessBase"]
[SourceDate "1998.11.10"]

1. e4 e6 2. d4 d5 3. Nc3 Nf6 4. Bg5 Bb4 5. e5 h6 6. Bd2 Bxc3 7. bxc3 Ne4 8. Qg4
g6 9. Bd3 Bd7 10. h4 c5 11. Bxe4 dxe4 12. Ne2 Bc6 13. O-O Nd7 14. Rfd1 cxd4 15.
cxd4 Nb6 16. Be3 Qe7 17. Nc3 h5 18. Qg3 Qb4 19. Bg5 Na4 20. Ne2 Qc4 21. Qa3 Kd7
22. d5 Bxd5 23. Nf4 Nc5 24. Rab1 Rhc8 25. Nxd5 exd5 26. Rb4 Qa6 27. Rxd5+ Ke8
28. Qb2 Ne6 29. Rxb7 Kf8 30. Rdd7 Qe2 31. Qb4+ 1-0

[Event "Mitropa Cup 18th"]
[Site "Portoroz"]
[Date "1998.??.??"]
[Round "5"]
[White "Medvegy, Nora"]
[Black "Rouchouse, Stevens"]
[Result "1-0"]
[WhiteElo "2325"]
[BlackElo "2170"]
[PlyCount "59"]
[EventDate "1998.07.??"]
[EventType "team-tourn"]
[EventRounds "9"]
[EventCountry "SLO"]
[Source "ChessBase"]
[SourceDate "1998.11.10"]

1. e4 c5 2. Nf3 d6 3. d4 cxd4 4. Nxd4 Nf6 5. Nc3 a6 6. Be3 Ng4 7. Bg5 h6 8. Bh4
g5 9. Bg3 Bg7 10. Be2 h5 11. Bxg4 Bxg4 12. f3 Bd7 13. Bf2 e6 14. O-O Nc6 15.
Qd2 Be5 16. Nce2 Nxd4 17. Nxd4 Qf6 18. Be3 Bf4 19. Rad1 h4 20. b3 Bxe3+ 21.
Qxe3 Qe5 22. Rfe1 Rc8 23. c4 Rg8 24. Qd2 Qc5 25. Kh1 a5 26. Nc2 Ke7 27. e5 Rc6
28. Ne3 Bc8 29. exd6+ Kd7 30. Ng4 1-0

[Event "Mitropa Cup 18th"]
[Site "Portoroz"]
[Date "1998.??.??"]
[Round "5"]
[White "Olivier, Jean Christophe"]
[Black "Grabics, Monika"]
[Result "1/2-1/2"]
[WhiteElo "2360"]
[BlackElo "2355"]
[PlyCount "105"]
[EventDate "1998.07.??"]
[EventType "team-tourn"]
[EventRounds "9"]
[EventCountry "SLO"]
[Source "ChessBase"]
[SourceDate "1998.11.10"]

1. e4 c5 2. Nf3 Nc6 3. d4 cxd4 4. Nxd4 Nf6 5. Nc3 d6 6. Bc4 Qb6 7. Nb3 e6 8.
Bd3 a6 9. Be3 Qc7 10. f4 b5 11. Qf3 Bb7 12. O-O-O Be7 13. Kb1 Na5 14. Nd4 Nc4
15. Bc1 b4 16. Nce2 d5 17. e5 Ne4 18. Ng3 Nc5 19. Nh5 g6 20. Nf6+ Bxf6 21. exf6
Ne4 22. Bxe4 dxe4 23. Qh3 O-O-O 24. b3 Nb6 25. Bb2 Nd5 26. Ne2 Nxf4 27. Nxf4
Rxd1+ 28. Rxd1 Qxf4 29. Bc1 Qe5 30. Qe3 Rd8 31. Rxd8+ Kxd8 32. Qb6+ Kc8 33. g3
Qxf6 34. Qc5+ Kd7 35. Qxb4 Bc6 36. Qc5 Qf1 37. Kb2 Qb5 38. Qd4+ Qd5 39. Qa7+
Bb7 40. Be3 e5 41. c4 Qc6 42. Qb8 Ke6 43. Qd8 h5 44. h4 f6 45. Kc3 Kf5 46. Qd1
Bc8 47. b4 Qd7 48. Qf1+ Ke6 49. Qh3+ f5 50. Qf1 Qa4 51. Qb1 Bd7 52. Qb3 Qc6 53.
Qd1 1/2-1/2

[Event "Mitropa Cup 18th"]
[Site "Portoroz"]
[Date "1998.??.??"]
[Round "5"]
[White "Pavasovic, Dusko"]
[Black "Zueger, Beat"]
[Result "1-0"]
[WhiteElo "2475"]
[BlackElo "2425"]
[PlyCount "57"]
[EventDate "1998.07.??"]
[EventType "team-tourn"]
[EventRounds "9"]
[EventCountry "SLO"]
[Source "ChessBase"]
[SourceDate "1998.11.10"]

1. e4 e6 2. d4 d5 3. Nc3 Nf6 4. e5 Nfd7 5. f4 c5 6. Nf3 Nc6 7. Be3 cxd4 8. Nxd4
Qb6 9. Qd2 Qxb2 10. Rb1 Qa3 11. Bb5 Nxd4 12. Bxd4 Bb4 13. O-O O-O 14. Rb3 Qa5
15. Qe3 Nb6 16. Qg3 Nc4 17. f5 exf5 18. e6 f6 19. Rxb4 Qxb4 20. e7 Qxe7 21.
Nxd5 Qe2 22. Bxf6 Rxf6 23. Nxf6+ Kf7 24. Re1 Qd2 25. Qc7+ Bd7 26. Qxd7+ Kxf6
27. Qe7+ Kg6 28. Qe6+ Kg5 29. Bxc4 1-0

[Event "Mitropa Cup 18th"]
[Site "Portoroz"]
[Date "1998.??.??"]
[Round "5"]
[White "Pelletier, Yannick"]
[Black "Mohr, Georg"]
[Result "1/2-1/2"]
[WhiteElo "2525"]
[BlackElo "2470"]
[PlyCount "47"]
[EventDate "1998.07.??"]
[EventType "team-tourn"]
[EventRounds "9"]
[EventCountry "SLO"]
[Source "ChessBase"]
[SourceDate "1998.11.10"]

1. d4 Nf6 2. Nf3 g6 3. c4 Bg7 4. Nc3 O-O 5. e4 d6 6. Be2 e5 7. O-O Nbd7 8. Be3
h6 9. dxe5 dxe5 10. Nd2 Nh7 11. Qc1 Ng5 12. Nf3 Nxf3+ 13. Bxf3 h5 14. Rd1 c6
15. c5 Qe7 16. Rd6 Re8 17. b4 Nf8 18. Be2 Be6 19. Qa3 Qc7 20. Rad1 Nd7 21. Qb2
Bf8 22. R6d3 Nf6 23. f3 Rad8 24. Rxd8 1/2-1/2

[Event "Mitropa Cup 18th"]
[Site "Portoroz"]
[Date "1998.??.??"]
[Round "5"]
[White "Petran, Peter"]
[Black "Kalod, Radek"]
[Result "0-1"]
[WhiteElo "2420"]
[BlackElo "2435"]
[PlyCount "120"]
[EventDate "1998.07.??"]
[EventType "team-tourn"]
[EventRounds "9"]
[EventCountry "SLO"]
[Source "ChessBase"]
[SourceDate "1998.11.10"]

1. g3 d5 2. Bg2 Bg4 3. d3 c6 4. Nd2 Nf6 5. Ngf3 e6 6. b3 Bd6 7. Bb2 Nbd7 8. O-O
O-O 9. h3 Bh5 10. e4 Qc7 11. Re1 dxe4 12. dxe4 e5 13. Nc4 Bb4 14. c3 Be7 15.
Qc2 Rfd8 16. Nh4 Nc5 17. Nf5 Bf8 18. g4 Bg6 19. Rad1 b5 20. Nce3 Ne6 21. Bc1
Nd7 22. Nh4 Nf4 23. Bf1 Nc5 24. Nef5 Nce6 25. Kh2 f6 26. Ng2 Ng5 27. Ngh4 Bf7
28. Bxf4 exf4 29. Kg2 Rxd1 30. Rxd1 Re8 31. Bd3 Ne6 32. Nf3 Nc5 33. N5d4 a6 34.
Re1 Qb7 35. Bf1 Bg6 36. Nf5 Bf7 37. N5d4 g6 38. Kg1 Nd7 39. b4 c5 40. bxc5 Nxc5
41. e5 Bg7 42. exf6 Rxe1 43. Nxe1 Bxf6 44. Nd3 Nxd3 45. Bxd3 Qc7 46. Ne2 f3 47.
Nc1 Qf4 48. Nb3 Be5 49. Kf1 Qh2 50. Ke1 Qxh3 51. Nd2 Qxg4 52. Bf1 Qe6 53. c4
Bd4+ 54. Kd1 Bxf2 55. Nxf3 Qe3 56. Qe2 Bxc4 57. Qxe3 Bxe3 58. Bxc4+ bxc4 59.
Kc2 g5 60. Kc3 g4 0-1

[Event "Mitropa Cup 18th"]
[Site "Portoroz"]
[Date "1998.??.??"]
[Round "5"]
[White "Rogic, Davor"]
[Black "Wilhelmi, Christian"]
[Result "1/2-1/2"]
[WhiteElo "2460"]
[BlackElo "2470"]
[PlyCount "93"]
[EventDate "1998.07.??"]
[EventType "team-tourn"]
[EventRounds "9"]
[EventCountry "SLO"]
[Source "ChessBase"]
[SourceDate "1998.11.10"]

1. e4 c5 2. Nf3 Nc6 3. d4 cxd4 4. Nxd4 Qc7 5. Nc3 e6 6. Be3 a6 7. f4 b5 8. Bd3
Bb7 9. Nb3 Na5 10. Nxa5 Qxa5 11. a3 Nf6 12. O-O Qc7 13. Kh1 h5 14. Qe2 h4 15.
Rf3 h3 16. Rxh3 Rxh3 17. gxh3 d5 18. exd5 Nxd5 19. Nxd5 Bxd5+ 20. Kg1 Bb7 21.
Kf2 Be7 22. Rg1 Bf6 23. b3 Ke7 24. Qh5 Bd5 25. c4 g6 26. Qg4 bxc4 27. bxc4 Bb7
28. Rb1 Rd8 29. Bf1 Be4 30. Rd1 Rxd1 31. Qxd1 Kf8 32. c5 Qa5 33. Qc1 Qa4 34.
Qc4 Qxc4 35. Bxc4 a5 36. Bb5 Ke7 37. a4 Bc3 38. Ke2 Bb4 39. Bd4 Bd5 40. Kd3 f6
41. Be3 Bf3 42. Kd4 Be1 43. Bd3 Bd1 44. Bxg6 Bxa4 45. h4 Bxh4 46. Bd2 Bb5 47.
Bxa5 1/2-1/2

[Event "Mitropa Cup 18th"]
[Site "Portoroz"]
[Date "1998.??.??"]
[Round "5"]
[White "Stohl, Igor"]
[Black "Votava, Jan"]
[Result "1/2-1/2"]
[WhiteElo "2540"]
[BlackElo "2510"]
[PlyCount "35"]
[EventDate "1998.07.??"]
[EventType "team-tourn"]
[EventRounds "9"]
[EventCountry "SLO"]
[Source "ChessBase"]
[SourceDate "1998.11.10"]

1. Nf3 d5 2. d4 c5 3. c4 cxd4 4. cxd5 Nf6 5. Qa4+ Qd7 6. Qxd4 Qxd5 7. Nc3 Qxd4
8. Nxd4 Bd7 9. Ndb5 Na6 10. e4 e5 11. Bg5 Bb4 12. O-O-O Bxc3 13. Nxc3 Nc7 14.
Bc4 Bc6 15. Rhe1 Ne6 16. Bxe6 fxe6 17. f3 Nh5 18. Rd6 1/2-1/2

[Event "Mitropa Cup 18th"]
[Site "Portoroz"]
[Date "1998.??.??"]
[Round "5"]
[White "Tratar, Marko"]
[Black "Ballmann, Martin"]
[Result "0-1"]
[WhiteElo "2450"]
[BlackElo "2375"]
[PlyCount "74"]
[EventDate "1998.07.??"]
[EventType "team-tourn"]
[EventRounds "9"]
[EventCountry "SLO"]
[Source "ChessBase"]
[SourceDate "1998.11.10"]

1. Nf3 g6 2. d4 Bg7 3. c4 d6 4. Nc3 Nf6 5. e4 O-O 6. Be2 a6 7. O-O Bg4 8. Be3
Nfd7 9. Rc1 c5 10. d5 b5 11. b3 Qa5 12. Qc2 bxc4 13. bxc4 Nb6 14. Nd2 Bxe2 15.
Nxe2 N8d7 16. Rb1 Rfb8 17. Rb3 Nc8 18. Rfb1 Rxb3 19. axb3 Qb6 20. b4 Qc7 21.
bxc5 Nxc5 22. Nb3 Nd7 23. Ned4 Ne5 24. f4 Ng4 25. Bd2 Rb8 26. Qd3 Qa7 27. Bc3
e5 28. dxe6 fxe6 29. h3 Ne5 30. fxe5 dxe5 31. c5 exd4 32. Ba5 Ne7 33. Bb6 Qd7
34. Rd1 Nc6 35. Qxa6 Bh6 36. Qd3 Ra8 37. Nxd4 Qxd4+ 0-1

[Event "Mitropa Cup 18th"]
[Site "Portoroz"]
[Date "1998.??.??"]
[Round "5"]
[White "Wirthensohn, Heinz"]
[Black "Grosar, Aljosa"]
[Result "1/2-1/2"]
[WhiteElo "2390"]
[BlackElo "2450"]
[PlyCount "28"]
[EventDate "1998.07.??"]
[EventType "team-tourn"]
[EventRounds "9"]
[EventCountry "SLO"]
[Source "ChessBase"]
[SourceDate "1998.11.10"]

1. d4 Nf6 2. Nf3 e6 3. Bf4 c5 4. e3 Qb6 5. Qc1 Nc6 6. c3 d5 7. Nbd2 Bd7 8. Bd3
Rc8 9. Qb1 Be7 10. O-O h6 11. h3 O-O 12. Ne5 Nxe5 13. dxe5 Ne8 14. Qc2 Qa5
1/2-1/2

[Event "Mitropa Cup 18th"]
[Site "Portoroz"]
[Date "1998.??.??"]
[Round "5"]
[White "Zelcic, Robert"]
[Black "Luther, Thomas"]
[Result "1-0"]
[WhiteElo "2585"]
[BlackElo "2560"]
[PlyCount "65"]
[EventDate "1998.07.??"]
[EventType "team-tourn"]
[EventRounds "9"]
[EventCountry "SLO"]
[Source "ChessBase"]
[SourceDate "1998.11.10"]

1. e4 c5 2. Nf3 e6 3. d4 cxd4 4. Nxd4 Nf6 5. Nc3 Nc6 6. Bf4 Bb4 7. Ndb5 Nxe4 8.
Qf3 d5 9. O-O-O Bxc3 10. Nc7+ Kf8 11. bxc3 g5 12. Bg3 Qe7 13. c4 g4 14. Qe3
Nxg3 15. Qxg3 Rb8 16. cxd5 exd5 17. Bb5 Kg7 18. Rhe1 Qg5+ 19. f4 Qf6 20. Ne8+
Rxe8 21. Rxe8 Bf5 22. Rxb8 Nxb8 23. Rxd5 Nc6 24. Bxc6 bxc6 25. Re5 Kg6 26. Qa3
h6 27. Qf8 Kh7 28. g3 Be6 29. Qd6 c5 30. Qxc5 Bxa2 31. Qxa7 Be6 32. Qe3 Kg7 33.
Qd4 1-0

[Event "Mitropa Cup 18th"]
[Site "Portoroz"]
[Date "1998.??.??"]
[Round "6"]
[White "Babula, Vlastimil"]
[Black "Wilhelmi, Christian"]
[Result "1-0"]
[WhiteElo "2575"]
[BlackElo "2470"]
[PlyCount "80"]
[EventDate "1998.07.??"]
[EventType "team-tourn"]
[EventRounds "9"]
[EventCountry "SLO"]
[Source "ChessBase"]
[SourceDate "1998.11.10"]

1. d4 Nf6 2. c4 g6 3. Nc3 Bg7 4. e4 d6 5. Nf3 O-O 6. Be2 e5 7. O-O Nc6 8. d5
Ne7 9. b4 Nh5 10. Re1 Nf4 11. Bf1 a5 12. bxa5 Rxa5 13. a4 c5 14. Nb5 Ra6 15.
Ra3 f5 16. Bxf4 exf4 17. e5 dxe5 18. Nxe5 Nc6 19. Nd3 Nd4 20. Nxc5 Nxb5 21.
cxb5 Rd6 22. Qf3 Qa5 23. Qxf4 Qxe1 24. Re3 Qa1 25. Qxd6 f4 26. Re7 f3 27. Nd7
Bxd7 28. Qxd7 Bd4 29. Qe6+ Kh8 30. Rf7 Qa3 31. Rxf8+ Qxf8 32. Qe4 Qf6 33. Qxf3
b6 34. Qxf6+ Bxf6 35. d6 Kg7 36. Bc4 h5 37. g3 Bd8 38. f4 Kf6 39. h4 Kf5 40.
Kg2 Kf6 1-0

[Event "Mitropa Cup 18th"]
[Site "Portoroz"]
[Date "1998.??.??"]
[Round "6"]
[White "Ballmann, Martin"]
[Black "Medvegy, Nora"]
[Result "1-0"]
[WhiteElo "2375"]
[BlackElo "2325"]
[PlyCount "79"]
[EventDate "1998.07.??"]
[EventType "team-tourn"]
[EventRounds "9"]
[EventCountry "SLO"]
[Source "ChessBase"]
[SourceDate "1998.11.10"]

1. d4 Nf6 2. Nf3 e6 3. Bg5 c5 4. c3 cxd4 5. cxd4 Qa5+ 6. Nbd2 Nc6 7. Bxf6 gxf6
8. e3 b6 9. a3 Bb7 10. Bc4 Qh5 11. Qe2 Rg8 12. g3 a6 13. e4 Bh6 14. Rd1 f5 15.
d5 Na5 16. Ba2 exd5 17. exd5+ Kf8 18. O-O Re8 19. Qd3 Bc8 20. Rfe1 Rxe1+ 21.
Rxe1 Bxd2 22. Nxd2 f4 23. b4 Nb7 24. Qxa6 Qh6 25. Qe2 Nd6 26. Nc4 Nb5 27. Qe7+
Kg7 28. Qe5+ f6 29. Qe7+ Kh8 30. a4 Nc3 31. Nd6 Qf8 32. Bb3 f3 33. Qxf8 Rxf8
34. Re7 Ne2+ 35. Kf1 Nd4 36. Bc4 Nc2 37. b5 Nb4 38. Ke1 Nc2+ 39. Kd2 Nd4 40.
Ke3 1-0

[Event "Mitropa Cup 18th"]
[Site "Portoroz"]
[Date "1998.??.??"]
[Round "6"]
[White "Ellers, Holger"]
[Black "Konopka, Michal"]
[Result "1/2-1/2"]
[WhiteElo "2425"]
[BlackElo "2465"]
[PlyCount "28"]
[EventDate "1998.07.??"]
[EventType "team-tourn"]
[EventRounds "9"]
[EventCountry "SLO"]
[Source "ChessBase"]
[SourceDate "1998.11.10"]

1. d4 Nf6 2. Nf3 g6 3. g3 d5 4. c4 c6 5. Nbd2 Bg7 6. Bg2 O-O 7. O-O Bg4 8. b3
Nbd7 9. Bb2 a5 10. h3 Bxf3 11. Nxf3 e6 12. Qc2 a4 13. Ba3 Re8 14. e3 axb3
1/2-1/2

[Event "Mitropa Cup 18th"]
[Site "Portoroz"]
[Date "1998.??.??"]
[Round "6"]
[White "Franzen, Jozef"]
[Black "Soln, Primoz"]
[Result "1/2-1/2"]
[WhiteElo "2320"]
[BlackElo "2470"]
[PlyCount "85"]
[EventDate "1998.07.??"]
[EventType "team-tourn"]
[EventRounds "9"]
[EventCountry "SLO"]
[Source "ChessBase"]
[SourceDate "1998.11.10"]

1. e4 e6 2. d4 d5 3. Nd2 Nf6 4. e5 Nfd7 5. f4 c5 6. c3 Nc6 7. Ndf3 Qb6 8. g3
cxd4 9. cxd4 Bb4+ 10. Kf2 g5 11. fxg5 Ndxe5 12. Nxe5 Nxe5 13. Kg2 Nc6 14. Nf3
Bf8 15. b3 Bd7 16. Bb2 O-O-O 17. Qd2 h6 18. h4 hxg5 19. Nxg5 Bh6 20. Qf2 Bxg5
21. hxg5 Rxh1 22. Kxh1 Rh8+ 23. Kg1 Qd8 24. Bc1 Qg8 25. Bf4 Qh7 26. Bg2 Qh2+
27. Kf1 Nb4 28. Rc1+ Bc6 29. Qd2 Na6 30. Qa5 Kd7 31. Qa3 Rc8 32. Qd6+ Ke8 33.
g6 Bb5+ 34. Kf2 Rxc1 35. Bxc1 Qh5 36. gxf7+ Kxf7 37. Qf4+ Ke8 38. Ba3 Qe2+ 39.
Kg1 Qd1+ 40. Kh2 Qh5+ 41. Kg1 Qd1+ 42. Kh2 Qh5+ 43. Kg1 1/2-1/2

[Event "Mitropa Cup 18th"]
[Site "Portoroz"]
[Date "1998.??.??"]
[Round "6"]
[White "Grabics, Monika"]
[Black "Wirthensohn, Heinz"]
[Result "0-1"]
[WhiteElo "2355"]
[BlackElo "2390"]
[PlyCount "120"]
[EventDate "1998.07.??"]
[EventType "team-tourn"]
[EventRounds "9"]
[EventCountry "SLO"]
[Source "ChessBase"]
[SourceDate "1998.11.10"]

1. e4 c5 2. Nf3 Nc6 3. d4 cxd4 4. Nxd4 g6 5. c4 Nf6 6. Nc3 d6 7. Be2 Bg7 8. Be3
O-O 9. O-O Bd7 10. Qd2 Nxd4 11. Bxd4 Bc6 12. f3 a5 13. Rab1 Nd7 14. Be3 a4 15.
b4 axb3 16. axb3 Ra3 17. Rfc1 Nc5 18. Bd1 b6 19. Kh1 Qa8 20. b4 Nd7 21. Nd5
Bxd5 22. exd5 Ra2 23. Rc2 Rxc2 24. Bxc2 Qa2 25. Bd3 Qxd2 26. Bxd2 Ra8 27. f4
Ra3 28. Be4 Bc3 29. Be3 Bxb4 30. Bc1 Ra4 31. Bc2 Ra2 32. Rxb4 Rxc2 33. Be3 Re2
34. Bg1 Ra2 35. g3 Ra6 36. Kg2 Kf8 37. Kf3 Ke8 38. Bf2 Kd8 39. g4 Ra3+ 40. Kg2
Kc7 41. Bh4 e6 42. dxe6 fxe6 43. Be7 Nc5 44. Rb1 Nd3 45. Bg5 Ra2+ 46. Kg3 Ra4
47. Rf1 Rxc4 48. f5 exf5 49. gxf5 Rc5 50. Kg4 gxf5+ 51. Kh5 b5 52. Kh6 b4 53.
h4 b3 54. Rb1 b2 55. Be3 Rc4 56. h5 f4 57. Bd2 Rc2 58. Kxh7 Rxd2 59. h6 Rg2 60.
Kh8 Ne5 0-1

[Event "Mitropa Cup 18th"]
[Site "Portoroz"]
[Date "1998.??.??"]
[Round "6"]
[White "Grosar, Aljosa"]
[Black "Petran, Peter"]
[Result "1/2-1/2"]
[WhiteElo "2450"]
[BlackElo "2420"]
[PlyCount "27"]
[EventDate "1998.07.??"]
[EventType "team-tourn"]
[EventRounds "9"]
[EventCountry "SLO"]
[Source "ChessBase"]
[SourceDate "1998.11.10"]

1. e4 g6 2. d4 Bg7 3. Nc3 d6 4. f4 a6 5. Nf3 b5 6. Bd3 Nd7 7. O-O c5 8. dxc5
Nxc5 9. Qe1 Bb7 10. a4 b4 11. Nd1 Nf6 12. Nf2 a5 13. Rb1 O-O 14. b3 1/2-1/2

[Event "Mitropa Cup 18th"]
[Site "Portoroz"]
[Date "1998.??.??"]
[Round "6"]
[White "Lakos, Nikoletta"]
[Black "Pelletier, Yannick"]
[Result "1/2-1/2"]
[WhiteElo "2385"]
[BlackElo "2525"]
[PlyCount "35"]
[EventDate "1998.07.??"]
[EventType "team-tourn"]
[EventRounds "9"]
[EventCountry "SLO"]
[Source "ChessBase"]
[SourceDate "1998.11.10"]

1. e4 c5 2. Nf3 d6 3. d4 cxd4 4. Nxd4 Nf6 5. Nc3 Nc6 6. Bc4 Qb6 7. Nxc6 bxc6 8.
O-O g6 9. e5 dxe5 10. Qe2 Qd4 11. Be3 Qd6 12. Rad1 Qc7 13. f4 e4 14. Nxe4 Bg7
15. Bd4 O-O 16. Nxf6+ Bxf6 17. Bxf6 exf6 18. b3 1/2-1/2

[Event "Mitropa Cup 18th"]
[Site "Portoroz"]
[Date "1998.??.??"]
[Round "6"]
[White "Lehner, Oliver"]
[Black "Lalic, Bogdan"]
[Result "1/2-1/2"]
[WhiteElo "2415"]
[BlackElo "2560"]
[PlyCount "28"]
[EventDate "1998.07.??"]
[EventType "team-tourn"]
[EventRounds "9"]
[EventCountry "SLO"]
[Source "ChessBase"]
[SourceDate "1998.11.10"]

1. d4 Nf6 2. c4 e6 3. g3 d5 4. Bg2 dxc4 5. Nf3 Nc6 6. Qa4 Bb4+ 7. Bd2 Bd6 8.
Qxc4 O-O 9. O-O e5 10. dxe5 Nxe5 11. Nxe5 Bxe5 12. Bc3 Qe7 13. Rd1 c6 14. Bxe5
Qxe5 1/2-1/2

[Event "Mitropa Cup 18th"]
[Site "Portoroz"]
[Date "1998.??.??"]
[Round "6"]
[White "Luther, Thomas"]
[Black "Votava, Jan"]
[Result "1-0"]
[WhiteElo "2560"]
[BlackElo "2510"]
[PlyCount "57"]
[EventDate "1998.07.??"]
[EventType "team-tourn"]
[EventRounds "9"]
[EventCountry "SLO"]
[Source "ChessBase"]
[SourceDate "1998.11.10"]

1. e4 c5 2. Nf3 Nc6 3. d4 cxd4 4. Nxd4 Nf6 5. Nc3 d6 6. Bg5 e6 7. Qd2 a6 8.
O-O-O h6 9. Be3 Be7 10. f3 Nxd4 11. Qxd4 e5 12. Qd2 Be6 13. Kb1 b5 14. g4 b4
15. Nd5 Bxd5 16. exd5 Qb8 17. h4 Bd8 18. Qe2 Bb6 19. Bc1 a5 20. f4 Nd7 21. Bh3
Nc5 22. fxe5 dxe5 23. d6 O-O 24. g5 Rd8 25. gxh6 Rxd6 26. Rxd6 Qxd6 27. Qg2 Qf8
28. hxg7 Qe8 29. h5 1-0